000 00510nam a2200181Ia 4500
005 20250326124046.0
008 250326s9999 xx 000 0 und d
037 _aTextbook
040 _aFMSL
_beng
_cFMSL
041 _aeng
_2eng
084 _aX.1 L2;2
_qFMSL
100 _aTinbergen J
_9122227
245 0 _aTowards a new world economy
_cTinbergen J
260 _aNetherlands
_bNetherlands, Rotterdam University
_c1972
300 _a445p
942 _cTB
_hX.1 L2;2
999 _c1272090
_d1272090